Normal view MARC view
  • Commission on Graduates of Foreign Nursing Schools (U.S.).

Entry Corporate Name

Number of records used in: 1

001 - CONTROL NUMBER

  • control field: 1060

003 - CONTROL NUMBER IDENTIFIER

  • control field: URS

005 - DATE AND TIME OF LATEST TRANSACTION

  • control field: 20220121161043.0

008 - FIXED-LENGTH DATA ELEMENTS

  • fixed length control field: 220121|| aca||aabn | a|a d

040 ## - CATALOGING SOURCE

  • Original cataloging agency: URS

110 ## - HEADING--CORPORATE NAME

  • Corporate name or jurisdiction name as entry element: Commission on Graduates of Foreign Nursing Schools (U.S.).

University of Rizal System
Email us at univlibservices@urs.edu.ph

Visit our Website www.urs.edu.ph/library